largest areas in scotland - Statistics

General Stats
  • This quiz has been taken 143 times
    24 since last reset
  • The average score is 30 of 50
Answer Stats
population Answer % Correct
198,590 Aberdeen
95%
632,350 Glasgow
95%
46,260 Ayr
91%
148,210 Dundee
91%
506,520 Edinburgh
91%
37,910 Stirling
91%
47,350 Perth
86%
47,790 Inverness
82%
46,960 Kilmarnock
82%
77,270 Paisley
82%
56,840 Livingston
77%
50,530 Cumbernauld
73%
46,500 Dumfries
73%
58,508 Dunfermline
73%
75,310 East kilbride
73%
35,590 Falkirk
73%
41,280 Greenock
68%
17,890 Barrhead
64%
25,620 Clydebank
64%
38,360 Glenrothes
64%
54,480 Hamilton
64%
34,130 Irvine
64%
50,370 Kirkcaldy
64%
32,840 Motherwell
64%
18,410 St Andrews
64%
36.390 Airdrie
59%
23,500 Arbroath
59%
43,950 Coatbridge
59%
19.060 Peterhead
59%
24,270 Renfrew
59%
30,050 Wishaw
59%
19,700 Bellshill
55%
16,800 Blantyre
55%
25,040 Elgin
55%
16,120 Grangemouth
55%
15,390 Johnstone
55%
28,470 Bearsden
50%
20,480 Dumbarton
50%
15,030 Larkhall
50%
16,150 Penicuik
50%
30,950 Rutherglen
50%
14,330 Dalkeith
45%
15,010 Erskine
45%
14,440 Alloa
41%
14,950 Troon
36%
14,120 Forfar
32%
21,870 Kirkintiloch
32%
14,880 Prestwick
27%
14,660 Inverurie
5%
21,100 Musselburgh
0%
No matching quizzes found
Score Distribution
Percent of People with Each Score
Percentile by Number Answered
Your Score History
You have not taken this quiz since the last reset